Лингвосемиотика ихтио- и аквакультуры (Запись № 10844154)

Подробности
000 -МАРКЕР
контрольное поле 01905nam0a2200373 4500
001 - ИДЕНТИФИКАТОР ЗАПИСИ
контрольное поле RU\NLR\BIBL_A\011275521
005 - ИДЕНТИФИКАТОР ВЕРСИИ
контрольное поле 20260409072351.0
010 ## - МЕЖДУНАРОДНЫЙ СТАНДАРТНЫЙ НОМЕР КНИГИ (ISBN)
Номер (ISBN) 978-5-4479-0017-5
Тираж 50
021 ## - НОМЕР ГОСУДАРСТВЕННОЙ РЕГИСТРАЦИИ
Код страны Российская Федерация
Номер 2016-85323
Номер Листа государственной регистраци 5582
035 ## - ДРУГИЕ СИСТЕМНЫЕ НОМЕРА
Идентификатор записи (NLR Aleph) 011275521
100 ## - ДАННЫЕ ОБЩЕЙ ОБРАБОТКИ
Данные общей обработки 20161121d2016 k y0rusy50 ca
101 0# - ЯЗЫК РЕСУРСА
Язык текста, звукозаписи и т.д. русский
-- английский
-- немецкий
-- французский
102 ## - СТРАНА ПУБЛИКАЦИИ ИЛИ ПРОИЗВОДСТВА
Страна публикации Российская Федерация
105 ## - ПОЛЕ КОДИРОВАННЫХ ДАННЫХ: ТЕКСТОВЫЕ МАТЕРИАЛЫ, МОНОГРАФИЧЕСКИЕ
Кодированные данные о монографическом текстовом документе a|||z|||000zy
200 1# - ЗАГЛАВИЕ И СВЕДЕНИЯ ОБ ОТВЕТСТВЕННОСТИ
Основное заглавие Лингвосемиотика ихтио- и аквакультуры
Сведения, относящиеся к заглавию монография
Первые сведения об ответственности А.С. Захарова, А.В. Олянич
Последующие сведения об ответственности М-во сел. хоз-ва РФ, Департамент науч.-технол. политики и образования, Федер. гос. бюджет. образоват. учреждение высш. образования "Волгогр. гос. аграр. ун-т", Каф. "Иностр. яз."
210 ## - ПУБЛИКАЦИЯ, РАСПРОСТРАНЕНИЕ И ДР.
Место издания, распространения и т.д. Волгоград
Имя издателя, распространителя и т. д. Волгоградский ГАУ
Дата издания, распространения и т.д. 2016
215 ## - ФИЗИЧЕСКАЯ ХАРАКТЕРИСТИКА
Специфическое обозначение материала и объем 215 с.
Другие сведения о физической характеристике ил.
Размеры 20
300 ## - ОБЩИЕ ПРИМЕЧАНИЯ
Текст примечания Часть текста на англ., нем. и фр. яз.
320 ## - ПРИМЕЧАНИЯ О НАЛИЧИИ В ДОКУМЕНТЕ БИБЛИОГРАФИИ / УКАЗАТЕЛЯ
Текст примечания Библиогр.: с. 195-215 (268 назв.), в тексте и в подстроч. примеч.
606 ## - НАИМЕНОВАНИЕ ТЕМЫ КАК ПРЕДМЕТ
Наименование темы Семиотика (лингв.)
Системный номер авторитетной/нормативной записи 1604813
Идентификатор авторитетной/нормативной записи RU\NLR\AUTH\661005014
606 1# - НАИМЕНОВАНИЕ ТЕМЫ КАК ПРЕДМЕТ
Наименование темы Картина мира (лингв.)
Системный номер авторитетной/нормативной записи 2410731
Идентификатор авторитетной/нормативной записи RU\NLR\AUTH\661436371
606 1# - НАИМЕНОВАНИЕ ТЕМЫ КАК ПРЕДМЕТ
Наименование темы Дискурс профессиональный
Системный номер авторитетной/нормативной записи 2586451
Идентификатор авторитетной/нормативной записи RU\NLR\AUTH\661528740
686 1# - ИНДЕКСЫ ДРУГИХ КЛАССИФИКАЦИЙ
Индекс Ш100.1
686 1# - ИНДЕКСЫ ДРУГИХ КЛАССИФИКАЦИЙ
Индекс Ш100.4
686 1# - ИНДЕКСЫ ДРУГИХ КЛАССИФИКАЦИЙ
Индекс Ш103.2
686 1# - ИНДЕКСЫ ДРУГИХ КЛАССИФИКАЦИЙ
Индекс Ш100.0
700 #1 - ИМЯ ЛИЦА - ПЕРВИЧНАЯ ОТВЕТСТВЕННОСТЬ
Начальный элемент ввода Захарова
Часть имени, кроме начального элемента ввода А. С.
Дополнения к именам, кроме дат филолог
Расширение инициалов личного имени Алла Сергеевна
Системный номер авторитетной/нормативной записи 166452
Идентификатор авторитетной/нормативной записи RU\NLR\AUTH\770166499
701 #1 - ИМЯ ЛИЦА - АЛЬТЕРНАТИВНАЯ ОТВЕТСТВЕННОСТЬ
Графика поля Кириллица
Материалы, к которым относится поле rus
Начальный элемент ввода Олянич
Часть имени, кроме начального элемента ввода А. В.
Даты 1957-
Расширение инициалов личного имени Андрей Владимирович
Системный номер авторитетной/нормативной записи 108119
Идентификатор авторитетной/нормативной записи RU\NLR\AUTH\77125194
942 ## - ДОПОЛНИТЕЛЬНЫЕ ЭЛЕМЕНТЫ ЗАПИСИ (АБИС)
Тип экземпляра АБИС Книга
980 ## - КОЛЛЕКЦИЯ
Название коллекции НБР
980 ## - КОЛЛЕКЦИЯ
Название коллекции Национальная библиография

Нет доступных экземпляров.